La tireuse de cartes (Record no. 165139)

MARC details
000 -LEADER
campo de control de longitud fija 00815nam a22002175i 4500
001 - NÚMERO DE CONTROL
campo de control 165139
003 - IDENTIFICADOR DE NÚMERO DE CONTROL
campo de control ES-MaACL
005 - FECHA Y HORA DE LA ÚLTIMA TRANSACCIÓN
campo de control 20230906213056.0
008 - DATOS DE LONGITUD FIJA--INFORMACIÓN GENERAL
campo de control de longitud fija 050808s1860 fr |||| | fre d
040 ## - FUENTE DE CATALOGACIÓN
Centro catalogador/agencia de origen CAM
Lengua de catalogación spa
Centro/agencia transcriptor CAM
100 1# - ENTRADA PRINCIPAL--NOMBRE DE PERSONA
Nombre de persona Sejour, Victor.
9 (RLIN) 224146
245 13 - MENCIÓN DEL TÍTULO
Título La tireuse de cartes
Resto del título : drame en cinq actes et un prologue, en prose /
Mención de responsabilidad, etc. par Victor Séjour.
250 ## - MENCION DE EDICION
Mención de edición 2e éd.
260 ## - PUBLICACIÓN, DISTRIBUCIÓN, ETC.
Lugar de publicación, distribución, etc. Paris :
Nombre del editor, distribuidor, etc. Michel Lévy frères libraires-éditeurs,
Fecha de publicación, distribución, etc. 1860 (
Fabricante Typ. de Edouard Blot)
300 ## - DESCRIPCIÓN FÍSICA
Extensión III, 131 p. ;
Dimensiones 21 cm.
500 ## - NOTA GENERAL
Nota general Représenté pour la première fois á Paris, sur le Theátre de la Porte-St-Martin le 22 décembre 1850.
700 1# - ENTRADA AGREGADA--NOMBRE PERSONAL
Nombre de persona Lévy, Michel
Títulos y otros términos asociados al nombre , frères,
Término indicativo de función/relación
9 (RLIN) 188560
752 ## - ENTRADA AGREGADA--NOMBRE JERÁRQUICO DEL LUGAR
País o entidad superior Francia -
Ciudad París
852 ## - LOCALIZACIÓN
Ubicación ES-MaACL
Número de control de estantería F-8810(4)
Nota libre -- Enc. hol.
Holdings
Estatus retirado Estado de pérdida Estado de daño No para préstamo Colección Biblioteca de origen Biblioteca actual Ubicación en estantería Fecha de adquisición Fuente de adquisición Total de préstamos Signatura topográfica completa Código de barras Visto por última vez Precio de reemplazo Tipo de ítem Koha
        Libros del s. XIX Biblioteca del Ateneo de Madrid Biblioteca del Ateneo de Madrid Sala Pecera Planta 2 17/01/2008     F-8810(4) 1173153 23/02/2023 23/02/2023 Libro impreso antiguo